Movie Quote Matching Pieces Quiz Stats

Quiz Updated Mar 16, 2018

Challenge
Share
Tweet
Score 0/20 Timer 07:00
1 Play Today
% Correct
Welcome to Fight Club.
98.6%
Run,
97.2%
I love the smell
96.8%
I'm going to make
96.5%
Frankly,
96.4%
You've got to ask yourself
96.3%
Of all the gin joints
94.9%
You is kind.
94.6%
As far back as I can remember
93.8%
What we've got here
93.7%
% Correct
I said, I'm not gonna hurt ya.
92.7%
Carpe diem.
92.5%
It's hard to stay mad,
90.9%
Gentlemen,
89.8%
That rug
89.4%
Why
88%
All those moments will be lost
87.8%
Gretchen, stop trying to make
87.3%
Oh man,
86.5%
Listen to them.
84.9%

You're not logged in!

Compare scores with friends on all Sporcle quizzes.
Join for Free
OR
Log In

You Might Also Like...

Show Comments

Extras

Top Quizzes Today


Score Distribution

Your Account Isn't Verified!

In order to create a playlist on Sporcle, you need to verify the email address you used during registration. Go to your Sporcle Settings to finish the process.

Report this User

Report this user for behavior that violates our Community Guidelines.

Details: